Online
Catalog

Anamuya : (Record no. 53458)

MARC details
000 -CABECERA
campo de control de longitud fija 01446nam a2200337 i 4500
001 - NÚMERO DE CONTROL
campo de control 000046285
003 - IDENTIFICADOR DEL NÚMERO DE CONTROL
campo de control DO-SdBNP
005 - FECHA Y HORA DE LA ÚLTIMA TRANSACCIÓN
campo de control 20251006083718.0
007 - CAMPO FIJO DE DESCRIPCIÓN FÍSICA--INFORMACIÓN GENERAL
campo de control de longitud fija ta
008 - DATOS DE LONGITUD FIJA--INFORMACIÓN GENERAL
campo de control de longitud fija 110303s2023 dr 000 0 spa d
020 ## - NÚMERO INTERNACIONAL ESTÁNDAR DEL LIBRO
Número Internacional Estándar del Libro 9789945917420
040 ## - FUENTE DE LA CATALOGACIÓN
Centro catalogador/agencia de origen DO-SdBNP
Lengua de catalogación spa
Centro/agencia transcriptor BNPHU
Normas de descripción rda
041 ## - CÓDIGO DE LENGUA
Código de lengua del texto/banda sonora o título independiente spa
082 #4 - NÚMERO DE LA CLASIFICACIÓN DECIMAL DEWEY
Número de clasificación 758.0113
Número de documento/Ítem T231a
Número de edición 22
100 ## - ENTRADA PRINCIPAL--NOMBRE DE PERSONA
Nombre de persona Tavárez María, Clenis,
Término indicativo de función/relación autor
Código de función/relación aut.
9 (RLIN) 51177
245 10 - MENCIÓN DE TÍTULO
Título Anamuya :
Resto del título patrimonio aborigen del este de República Dominicana /
Mención de responsabilidad, etc. Clenis Tavarez María ; corrección, Miriam Melo ; prólogo, Divaldo Gutiérrez Calvache
250 ## - MENCIÓN DE EDICIÓN
Mención de edición Primera edición
264 #1 - PRODUCCIÓN, PUBLICACIÓN, DISTRIBUCIÓN, FABRICACIÓN Y COPYRIGHT
Producción, publicación, distribución, fabricación y copyright Santo Domingo :
Nombre del de productor, editor, distribuidor, fabricante Instituto Panamericano de Geografía e Historia, Sección Nacional de Dominicana,
Fecha de producción, publicación, distribución, fabricación o copyright 2023.
300 ## - DESCRIPCIÓN FÍSICA
Extensión 178 paginas :
Otras características físicas ilustrados ;
Dimensiones 24 cm.
336 ## - TIPO DE CONTENIDO
Término de tipo de contenido texto
Código de tipo de contenido txt
Fuente rdacontent
337 ## - TIPO DE MEDIO
Nombre/término del tipo de medio sin mediación
Código del tipo de medio n
Fuente rdamedia
338 ## - TIPO DE SOPORTE
Nombre/término del tipo de soporte volumen
Código del tipo de soporte nc
Fuente rdacarrier
505 ## - NOTA DE CONTENIDO CON FORMATO
Nota de contenido con formato Presentación --
Título Prólogo --
-- Introducción --
-- Método --
-- Antecedentes del presente estudio --
-- Marco conceptual --
-- Resultados --
-- Conclusiones --
-- Logros --
-- Recomendaciones --
-- Referencias bibliográficas.
590 ## - NOTA LOCAL (RLIN)
Nota local inventariado, 2023 / DG
650 #4 - PUNTO DE ACCESO ADICIONAL DE MATERIA--TÉRMINO DE MATERIA
Término de materia o nombre geográfico como elemento de entrada Arte rupestre
Subdivisión geográfica República Dominicana
9 (RLIN) 61716
650 #4 - PUNTO DE ACCESO ADICIONAL DE MATERIA--TÉRMINO DE MATERIA
Término de materia o nombre geográfico como elemento de entrada Petroglifos
Subdivisión geográfica República Dominicana
9 (RLIN) 83348
700 1# - PUNTO DE ACCESO ADICIONAL--NOMBRE DE PERSONA
Nombre de persona Melo, Miriam,
Término indicativo de función/relación corrector
Código de función/relación corr.
9 (RLIN) 84185
700 1# - PUNTO DE ACCESO ADICIONAL--NOMBRE DE PERSONA
Nombre de persona Gutiérrez Calvache, Divaldo,
Término indicativo de función/relación prologuista
Código de función/relación pr.
9 (RLIN) 88659
910 ## - DATOS DE OPCIÓN DEL USUARIO (OCLC)
Datos de opción del usuario DG
942 ## - ELEMENTOS DE PUNTO DE ACCESO ADICIONAL (KOHA)
Fuente del sistema de clasificación o colocación Dewey Decimal Classification
Tipo de ítem Koha Libro
Holdings
Estado de retiro Estado de pérdida Fuente del sistema de clasificación o colocación Restricciones de uso No para préstamo Código de colección Localización permanente Ubicación/localización actual Ubicación en estantería Fecha de adquisición Fuente de adquisición Total de préstamos Signatura topográfica completa Código de barras Fecha visto por última vez Precio válido a partir de Tipo de ítem Koha Número de copia
    Dewey Decimal Classification Excluido de préstamo   Patrimonio Dominicano Biblioteca Nacional Pedro Henríquez Ureña Biblioteca Nacional Pedro Henríquez Ureña En catalogación 09.05.2023 Deposito Legal   BNPHU PD T231a 758.0113 2023-1662 09.05.2023 09.05.2023 Libro  
    Dewey Decimal Classification Excluido de préstamo   Patrimonio Dominicano Biblioteca Nacional Pedro Henríquez Ureña Biblioteca Nacional Pedro Henríquez Ureña En catalogación 09.05.2023 Deposito Legal   BNPHU PD T231a 758.0113 2023-1663 09.05.2023 09.05.2023 Libro e.2
    Dewey Decimal Classification Préstamo en sala   Dominicana de Servicio Biblioteca Nacional Pedro Henríquez Ureña Biblioteca Nacional Pedro Henríquez Ureña En catalogación 09.05.2023 Deposito Legal   BNPHU DS T231a 758.0113 2023-1664 09.05.2023 09.05.2023 Libro e.3
    Dewey Decimal Classification Préstamo en sala   Dominicana de Servicio Biblioteca Nacional Pedro Henríquez Ureña Biblioteca Nacional Pedro Henríquez Ureña En catalogación 06.10.2025 Donación   BNPHU DS T231a 758.0113 2025-11034 06.10.2025 06.10.2025 Libro e.4
    Dewey Decimal Classification Préstamo en sala   Dominicana de Servicio Biblioteca Nacional Pedro Henríquez Ureña Biblioteca Nacional Pedro Henríquez Ureña En catalogación 06.10.2025 Donación   BNPHU DS T231a 758.0113 2025-11035 06.10.2025 06.10.2025 Libro e.5

Powered by Koha